Movies By Family Quiz Stats

 Plays Quiz Updated Jan 3, 2016

Challenge
Share
Tweet
Score 0/20 Timer 06:00
1 Play Today
% Correct
The Addams Family (Addams Family)
93.8%
The Incredibles (Parr Family)
92.4%
The Godfather (Corleone Family)
89.3%
Spy Kids (Cortez Family)
86.3%
Freaky Friday (Coleman Family)
84.2%
The Shining (Torrance Family)
83.8%
The Chronicles of Narnia (Pevensie Family)
78.8%
The Pursuit of Happyness (Gardner Family)
76.1%
Paddington (Brown Family)
70.9%
Little Miss Sunshine (Hoover Family)
67.1%
% Correct
War of the Worlds (Ferrier Family)
65.8%
National Lampoon's European Vacation (Griswold Family)
63.9%
World War Z (Lane Family)
61.5%
Little Women (March Family)
57.1%
Noah (Noah's Family)
57%
We Bought a Zoo (Mee Family)
51.4%
The Royal Tenenbaums (Tenenbaum Family)
45.6%
Red Dawn (Eckert Family)
29.3%
A History of Violence (Stall Family)
21.2%
From Dusk till Dawn (Fuller Family)
21.1%

You're not logged in!

Compare scores with friends on all Sporcle quizzes.
OR
Log In

You Might Also Like...

Show Comments

Extras

Top Quizzes Today


Score Distribution

Your Account Isn't Verified!

In order to create a playlist on Sporcle, you need to verify the email address you used during registration. Go to your Sporcle Settings to finish the process.

Report this User

Report this user for behavior that violates our Community Guidelines.

Details: